| 000 | 01707nam a2200385 i 4500 | ||
|---|---|---|---|
| 003 | DO-SdBNP | ||
| 005 | 20240305131556.0 | ||
| 007 | ta | ||
| 008 | 240305s1997 dr ao 001 0dspa d | ||
| 040 |
_aDO-SdBNP _bspa _cBNPHU _erda |
||
| 082 |
_a709.7293 _bB588n _222 |
||
| 111 | 2 |
_aBienal Nacional de Artes Visuales _n(3ª _ddel 12 de octubre al 12 de enero de 1997 : _cSanto Domingo, República Dominicana) _954937 |
|
| 245 | 1 | 0 |
_aBienal de pintura del Caribe y Centroamérica : _bdel 12 de octubre al 12 de enero de 1997 / _cproyecto editorial Betty Jansen, Marianne de Tolentino ; traducción Carlos García, Pedro Canó ; fotografías Marino Hernández |
| 264 | 1 |
_aSanto Domingo : _bMuseo de Arte Moderno, _c1997. |
|
| 300 |
_a154 páginas _bilustraciones, fotografías _c21 cm. |
||
| 336 |
_2rdacontent _atexto _btxt |
||
| 337 |
_2rdamedia _asin mediación _bn |
||
| 338 |
_2rdacarrier _avolumen _bnc |
||
| 500 | _aIncluye índice de artistas por países. | ||
| 500 | _aIncluye lista de ganadores y de artistas invitados. | ||
| 590 | _aInventariado, 2024/ YL | ||
| 650 | 4 |
_aArte dominicano _ySIGLO XX _923012 |
|
| 650 | 4 |
_aArte moderno _ySIGLO XX _954938 |
|
| 650 | 4 |
_aPintura dominicana _xPremios _923013 |
|
| 650 | 4 |
_aEscultura dominicana _xPremios _954939 |
|
| 650 | 4 |
_aCerámica dominicana _xPremios _954940 |
|
| 700 | 1 |
_aJansen, Betty _eproyecto editorial _959520 |
|
| 700 | 1 |
_aTolentino, Marianne de _eproyecto editorial _915222 |
|
| 700 | 1 |
_aGarcía, Carlos _etraducción _967425 |
|
| 700 | 1 |
_aCanó, Pedro _etraducción _955347 |
|
| 700 | 1 |
_aHernández, Marino _efotografías _984980 |
|
| 710 | 2 |
_aMuseo de Arte Moderno (República Dominicana) _954941 |
|
| 910 | _aYLockward | ||
| 942 |
_2ddc _cLBS1 |
||
| 999 |
_c56037 _d56037 |
||